Music Artists by Song - B - Statistics

General Stats
  • This quiz has been taken 142 times
    67 since last reset
  • The average score is 19 of 34
Answer Stats
Songs Artist % Correct
Here Come The Sun / Let It Be / Come Together The Beatles
95%
Vienna / Uptown Girl / Piano Man Billy Joel
93%
Toxic / Gimme More / ...Baby One More Time Britney Spears
93%
Stayin' Alive / How Deep Is Your Love / More Than A Woman Bee Gees
88%
Call Me / One Way Or Another / Heart of Glass Blondie
86%
I Gotta Feeling / Meet Me Halfway / Where Is The Love? Black Eyed Peas
83%
Die With A Smile / Just the Way You Are / Locked out of Heaven Bruno Mars
83%
Paranoid / Iron Man / War Pigs Black Sabbath
81%
Knockin' On Heaven's Door / Like a Rolling Stone / Blown' in the Wind Bob Dylan
79%
Eyes Without A Face / Rebel Yell / White Wedding Billy Idol
76%
Wouldn't It Be Nice / Kokomo / Good Vibrations The Beach Boys
76%
Dancing In the Dark / I'm On Fire / Born in the Dark Bruce Springsteen
71%
Could You Be Loved / Three Little Birds / Is This Love Bob Marley
67%
Thuggish Ruggish Bone / The Crossroads / Foe Tha Love of $ Bone Thugs-N-Harmony
67%
Love Shack / Rock Lobster / Private Idaho B-52s
62%
Birds of a Feather / Wildflower / Chihiro Billie Eilish
62%
Song 2 / Girls & Boys / Parklife Blur
62%
Rasputin / Daddy Cool / Sunny Boney M.
62%
More Than a Feeling / Peace of Mind / Amanda Boston
62%
Sabotage / No Sleep Till Brooklyn / Fight For Your Right Beastie Boys
60%
Lovely Day / Ain't No Sunshine / Lean On Me Bill Withers
52%
My Universe / FAKE LOVE / Dynamite BTS
50%
Beautiful Things / Sorry I'm Here For Someone Else / Mystical Magical Benson Boone
43%
White Christmas / Around The World / Pistol Packin' Mama Bing Crosby
40%
Pink Venom / Shut Down / How You Like That BLACKPINK
38%
Emotions / Rockin' Around The Christmas Tree / I'm Sorry Brenda Lee
36%
Stand By Me / Save The Last Dance For Me / This Magic Moment Ben E. King
33%
On Bended Knee / End Of The Road / I'll Make Love To You Boyz II Men
33%
For What It's Worth / Mr. Soul / Expecting to Fly Buffalo Springfield
26%
check / two / edamame bbno$
24%
Where's Your Head At / Red Alert / Romeo Basement Jaxx
14%
the perfect pair / Glue Song / Real Man beabadoobee
14%
Poison / Do Me! / When Will I See You Smile Again Bell Biv DeVoe
14%
Velvet Ring / Vampire Empire / Simulation Swarm Big Thief
5%
No matching quizzes found
Score Distribution
Percent of People with Each Score
Percentile by Number Answered
Your Score History
You have not taken this quiz since the last reset